| 000 | 01566cam a22003131i 4500 | ||
|---|---|---|---|
| 003 | SA-RiAUC | ||
| 005 | 20241024061151.0 | ||
| 008 | 241023s1986 le g 000 0 ara c | ||
| 040 |
_aSA-MuMU _bara _cSA-RiAUC _erda |
||
| 050 | 4 | _bA35 1986 | |
| 082 | 0 | 4 | _a251 |
| 090 |
_a251 _bن س ف |
||
| 100 | 1 |
_aالنسفي، عبد الله بن أحمد بن محمود، _dتوفي 710 هجري _eمؤلف. |
|
| 245 | 1 | 0 |
_aكشف الأسرار : _bشرح المصنف على المنار في الأصول / _cتأليف حافظ الدين أبو البركات عبد الله بن أحمد النسفي. ومعه، شرح نور الأنوار على المنار / لملاجيون بن أبي سعيد بن عبيد الله. |
| 246 | 3 | 0 | _aشرح المصنف على المنار في الأصول |
| 264 | 1 |
_aبيروت : _bدار الكتب العلمية، _c1986 |
|
| 300 | _a2 مجلد | ||
| 336 |
_aنص _btxt _2rdacontent _3كتاب |
||
| 337 |
_aبدون وسيط _bn _2rdamedia |
||
| 338 |
_aمجلد _bnc _2rdacarrier |
||
| 500 | _aالمنار في أصول الفقه / للنسفي. | ||
| 650 | 7 |
_aأصول الفقه الإسلامي _2aucsh |
|
| 650 | 7 |
_aالفقه الحنفي _2aucsh |
|
| 700 | 1 | 2 |
_aجيون، أحمد بن أبو سعيد بن عبد الله، _d1047-1130 هجري _tشرح نور الأنوار على المنار. |
| 740 | 0 | 2 | _aشرح نور الأنوار على المنار. |
| 740 | 2 | 2 | _aالمنار في أصول الفقه. |
| 942 |
_2ddc _cBOOK _n0 |
||
| 949 |
_aSA-JeALM _d241023 _umohamedma123 _n1 |
||
| 999 |
_c1648 _d1648 |
||